|
|
|
|
| LEADER |
00000nam0a2200000 4500 |
| 001 |
321202 |
| 005 |
20231102003342.0 |
| 035 |
|
|
|a (RuTPU)RU\TPU\book\346749
|
| 090 |
|
|
|a 321202
|
| 100 |
|
|
|a 20160818d1958 km y0rusy50 ca
|
| 101 |
0 |
|
|a rus
|
| 102 |
|
|
|a UA
|
| 105 |
|
|
|a a z 001zy
|
| 200 |
1 |
|
|a Вопросы порошковой металлургии и прочности материалов
|h Вып. VI
|f Академия наук Украинской ССР (АН УССР), Институт металлокерамики и специальных сплавов ; под ред. И. Н. Францевича
|
| 210 |
|
|
|a Киев
|c Изд-во АН УССР
|d 1958
|
| 215 |
|
|
|a 79 с.
|c ил.
|
| 320 |
|
|
|a Библиогр. в конце ст.
|
| 606 |
1 |
|
|a Порошковая металлургия
|2 stltpush
|3 (RuTPU)RU\TPU\subj\68694
|9 83870
|
| 610 |
1 |
|
|a металлокерамика
|
| 610 |
1 |
|
|a металлокерамические материалы
|
| 610 |
1 |
|
|a прочность
|
| 610 |
1 |
|
|a тугоплавкие металлы
|
| 610 |
1 |
|
|a стойкость
|
| 610 |
1 |
|
|a поверхностные свойства
|
| 610 |
1 |
|
|a специальные свойства
|
| 675 |
|
|
|a 621.762
|v 4
|
| 702 |
|
1 |
|a Францевич
|b И. Н.
|4 340
|
| 712 |
0 |
2 |
|a Академия наук Украинской ССР (АН УССР)
|b Институт металлокерамики и специальных сплавов
|2 stltpush
|3 (RuTPU)RU\TPU\col\11361
|
| 801 |
|
1 |
|a RU
|b 63413507
|c 20160818
|
| 801 |
|
2 |
|a RU
|b 63413507
|c 20200605
|g RCR
|
| 942 |
|
|
|c BK
|